000 00255nam a2200109Ia 4500
008 220204s9999 xx 000 0 und d
082 _a054.024
_bNON
100 _aD C
245 0 _aRadicals
260 _aCambridge
_bCambridge University
_c1979
942 _cBK
999 _c33245
_d33245